LDR 00995naa#a2200169#i#450# 001 RU\\bibl\20284 005 20260701191109.3 100 ## _a20260630b2026####ek#y0rusy0150####ca 102 ## _aRU 200 1# _aМОДЕЛИРОВАНИЕ В АВТОМОБИЛЬНОЙ ПРОМЫШЛЕННОСТИ: ОТ ВИРТУАЛЬНЫХ ИСПЫТАНИЙ ДО ЦИФРОВЫХ ДВОЙНИКОВ КАК КЛЮЧЕВОЙ ИНСТРУМЕНТ СНИЖЕНИЯ ЗАТРАТ И УСКОРЕНИЯ ИННОВАЦИЙ _eСтатья/тезисы конференции 210 1# _aВоронеж _cВоронежский государственный лесотехнический университет имени Г.Ф. Морозова _d2026 215 ## _a7 с. 608 ## _aСтатья/тезисы конференции _2local 675 ## _aМоделирование. 550.34.013.4 _z 700 #1 _aСтрюкова _gА. С. 700 #1 _aПолуэктов _gАлександр Владимирович 856 4# _abibl.vgltu.ru _u